| 000 | 00527nam a2200169Ia 4500 | ||
|---|---|---|---|
| 003 | GCL | ||
| 008 | 140319s9999 xx 000 0 ara d | ||
| 040 |
_aGCL / _cGCL |
||
| 082 | 0 | 4 |
_a813.087 _bح ع |
| 100 | 1 | _aحفنى مصطفى حفنى | |
| 245 | 1 | 0 |
_aالعصا السحرية والخاتم العجيب / _cحفنى مصطفى حفنى |
| 300 | _a40 ص | ||
| 490 |
_aالهيئة العامة للاستعلامات _v0 |
||
| 650 | 0 | 4 | _aالادب العربى |
| 650 | 0 | 4 | _aالقصص العربية |
| 942 |
_2ddc _cBK |
||
| 999 |
_c47360 _d47360 |
||